The Unified Modeling Language User Guide (Record no. 7354)

000 -LEADER
fixed length control field 00398nam a2200157Ia 4500
008 - FIXED-LENGTH DATA ELEMENTS--GENERAL INFORMATION
fixed length control field 190920s9999||||xx |||||||||||||| ||und||
020 ## - INTERNATIONAL STANDARD BOOK NUMBER
International Standard Book Number 9788178080819
082 ## - DEWEY DECIMAL CLASSIFICATION NUMBER
Classification number 519.7
Item number BOO/U
100 ## - MAIN ENTRY--PERSONAL NAME
Personal name Booch, Grady
245 #4 - TITLE STATEMENT
Title The Unified Modeling Language User Guide
250 ## - EDITION STATEMENT
Edition statement 1st Edition
260 ## - PUBLICATION, DISTRIBUTION, ETC.
Place of publication, distribution, etc. New Delhi
Name of publisher, distributor, etc. Pearson Edu.
Date of publication, distribution, etc. 1990
300 ## - PHYSICAL DESCRIPTION
Extent 482p.
700 ## - ADDED ENTRY--PERSONAL NAME
Personal name Rumbaugh, James
942 ## - ADDED ENTRY ELEMENTS (KOHA)
Koha item type Book
952 ## - LOCATION AND ITEM INFORMATION (KOHA)
Lost status
Holdings
Withdrawn status Collection code Permanent Location Current Location Cost, normal purchase price Full call number Accession no. Koha item type
  School of Data Science (Noida) MUIT-NOIDA MUIT-NOIDA 240.00 519.7 BOO/T DSC00191 Donated Books

All Rights Reserved@MUIT

Powered by Koha